000 00996nam a2200265Ia 4500
003 OSt
005 20221005110341.0
006 a|||||r|||| 00| 0
007 ta
008 221004b |||||||| |||| 00| 0 hin d
020 _cINR 675.00
024 _a41997
037 _b1650, 16/02/2019, Bright Book Service
_cTextual
040 _aCRL
_cCRL
_bhin
041 _2hin
_ahin
082 _aV247.P, 152Q8
100 _aजगमोहन
245 0 _aअशांत कश्मीरः चुनौतियां और समाधान
246 _aAshāanta kashmīrah chunautiyāan aur samādhāna
260 _aनई दिल्ली
_bएलाइड पब्लिशर्स प्राइवेट लिमिटेड भारत
_c2018
300 _a619पृ0
_ccm.
650 _aविश्व-इतिहास
942 _hV247.P, 152Q8
_cTEXL
_2cc
999 _c1018544
_d1018544